Sapho (Record no. 172558)

MARC details
000 -LEADER
campo de control de longitud fija 00681nam a2200193 i 4500
001 - NÚMERO DE CONTROL
campo de control 172558
003 - IDENTIFICADOR DE NÚMERO DE CONTROL
campo de control ES-MaACL
005 - FECHA Y HORA DE LA ÚLTIMA TRANSACCIÓN
campo de control 20250917063059.0
008 - DATOS DE LONGITUD FIJA--INFORMACIÓN GENERAL
campo de control de longitud fija 090720s1887 fr |||| | fre d
100 1# - ENTRADA PRINCIPAL--NOMBRE DE PERSONA
Nombre de persona Daudet, Alphonse,
Fechas asociadas al nombre 1840-1897
9 (RLIN) 42799
245 10 - MENCIÓN DEL TÍTULO
Título Sapho
Resto del título : moeurs parisiennes /
Mención de responsabilidad, etc. Alphonse Daudet ; ilustrations de Rossi, Myrbach, etc.
260 ## - PUBLICACIÓN, DISTRIBUCIÓN, ETC.
Lugar de publicación, distribución, etc. Paris :
Nombre del editor, distribuidor, etc. Ernest Flammarion,
Fecha de publicación, distribución, etc. [1887?]
300 ## - DESCRIPCIÓN FÍSICA
Extensión 376 p. :
Otras características físicas il. ;
Dimensiones 19 cm.
490 1# - MENCIÓN DE SERIE
Mención de serie Collection Guillaume
700 1# - ENTRADA AGREGADA--NOMBRE PERSONAL
Nombre de persona Myrbach, F. de.
9 (RLIN) 141104
830 0# - PUNTO DE ACCESO ADICIONAL DE SERIE-TÍTULO UNIFORME
Título uniforme Collection Guillaume
9 (RLIN) 182233
852 ## - LOCALIZACIÓN
Ubicación ES-MaACL
Número de control de estantería E-12878
itemnumber R.139291
Nota libre .- Biblioteca Jacinto Martínez Lacalle
Holdings
Estatus retirado Estado de pérdida Estado de daño No para préstamo Colección Biblioteca de origen Biblioteca actual Ubicación en estantería Fecha de adquisición Fuente de adquisición Total de préstamos Signatura topográfica completa Código de barras Visto por última vez Precio de reemplazo Tipo de ítem Koha
        Libros del s. XIX Biblioteca del Ateneo de Madrid Biblioteca del Ateneo de Madrid Depósito 2 20/07/2009     E-12878 1181085 23/02/2023 23/02/2023 Libro impreso antiguo